Largest 'A' City in Each U.S. State - Statistics

General Stats
  • This quiz has been taken 59 times
  • The average score is 18 of 50
Answer Stats
State Population City % Correct
Alaska 280,437 Anchorage
98%
Georgia 532,695 Atlanta
96%
Texas 1,028,225 Austin
96%
New Mexico 563,165 Albuquerque
91%
New York 94,807 Albany
86%
Oregon 57,798 Albany
86%
Colorado 393,440 Aurora
84%
Illinois 193,431 Aurora
84%
Ohio 196,736 Akron
80%
Michigan 115,633 Ann Arbor
79%
California 349,366 Anaheim
75%
Vermont 1,452 Arlington
73%
Virginia 233,464 Arlington
73%
Pennsylvania 121,157 Allentown
66%
Louisiana 45,028 Alexandria
57%
Alabama 68,551 Auburn
54%
Maine 23,639 Auburn
54%
Washington 80,489 Auburn
54%
North Carolina 93,590 Asheville
50%
Indiana 54,411 Anderson
46%
South Dakota 27,660 Aberdeen
43%
Wisconsin 73,258 Appleton
36%
New Jersey 38,190 Atlantic City
30%
Tennessee 14,284 Athens
21%
Arizona 94,579 Avondale
21%
Minnesota 58,345 Apple Valley
20%
Arkansas 10,828 Arkadelphia
18%
Kansas 13,756 Andover
16%
Iowa 73,676 Ankeny
16%
Kentucky 19,300 Ashland
16%
South Carolina 31,127 Aiken
14%
Utah 35,201 American Fork
13%
Montana 9,173 Anaconda
13%
Oklahoma 24,458 Ardmore
11%
Hawaii 9,638 Aiea
7%
Nebraska 8,209 Alliance
7%
Idaho 19,227 Ammon
7%
Massachusetts 45,462 Attleboro
7%
Florida 91,068 Alafaya
5%
Connecticut 18,351 Ansonia
5%
Delaware 437 Arden
5%
Missouri 20,995 Arnold
4%
North Dakota 622 Ashley
4%
Maryland 53,049 Aspen Hill
4%
Wyoming 2,110 Afton
2%
Nevada 1,128 Alamo
2%
West Virginia 1,805 Alum Creek
2%
Mississippi 6,533 Amory
2%
Rhode Island 1,195 Ashaway
2%
New Hampshire 1,388 Antrim
0%
No matching quizzes found
Score Distribution
Percent of People with Each Score
Percentile by Number Answered
Your Score History
You have not taken this quiz